| 000 | 00326nam a22001217a 4500 | ||
|---|---|---|---|
| 082 |
_a001 _bSIE/G |
||
| 100 | _aGOVERNMENT OF KERALA | ||
| 245 |
_aSIET KERALA GENERAL SUBJECTS _bMEMORY, HOW TO IMPROVE MEMORY |
||
| 260 |
_aNEW DELHI _bSTATE INSTITUTE OF EDUCATIONAL TECHNOLOGY |
||
| 300 | _bCD | ||
| 520 | _aREFERENCE | ||
| 942 | _cBK | ||
| 999 |
_c7949 _d7949 |
||